Evaluación medio término componente fondo para el desarrollo de innovaciones educativas del Proyecto Fortalecimiento de Educación Inicial Informe Final Versión preliminar presentación Equipo OCI-UTO Dra. Tirsis Quezada IDESARROLLO (Record no. 8632)

MARC details
000 -LEADER
campo de control de longitud fija 00614nam a2200145Ia 4500
001 - NÚMERO DE CONTROL
campo de control 912
008 - DATOS DE LONGITUD FIJA--INFORMACIÓN GENERAL
campo de control de longitud fija 241024s9999 xx 000 0 und d
082 ## - NÚMERO DE LA CLASIFICACIÓN DECIMAL DEWEY
Número de clasificación RD/372.97293/R426e/IDESARROLLO
100 ## - ENTRADA PRINCIPAL--NOMBRE DE PERSONA
Nombre de persona República Dominicana.Secretaría de Estado de Educación
245 #0 - MENCIÓN DEL TÍTULO
Título Evaluación medio término componente fondo para el desarrollo de innovaciones educativas del Proyecto Fortalecimiento de Educación Inicial Informe Final Versión preliminar presentación Equipo OCI-UTO Dra. Tirsis Quezada IDESARROLLO
260 ## - PUBLICACIÓN, DISTRIBUCIÓN, ETC.
Nombre del editor, distribuidor, etc. OCI-Banco Mundial
Fecha de publicación, distribución, etc. 2007
590 ## - NOTA LOCAL (RLIN)
Nota local si
901 ## - ELEMENTOS DE DATOS A LOCAL LDA (RLIN)
a 9/12/2010 10:24:47 a.m.

No items available.

© 2024. Todos los Derechos Reservados. Desarrollado por IDEICE